| 000 | 00823nam a2200265 a 4500 | ||
|---|---|---|---|
| 001 | 000023743 | ||
| 005 | 20200930022431.0 | ||
| 008 | 110112s1985 mx 000 f spa d | ||
| 020 | _a968220027X | ||
| 040 |
_aDO-SdBNP _bspa _cBNPHU |
||
| 041 | 1 | 7 |
_aeng _hspa _2Código de idioma MARC |
| 082 |
_a813.54 _bC246d |
||
| 100 | 1 |
_aCapote, Truman, _d1924-1984 _912174 |
|
| 240 | 1 | 0 |
_aBreakfast at Tiffany's. _lEspañol |
| 245 | 1 | 0 |
_aDesayuno en Tiffany's / _cTruman Capote ; traducción de Agustí Bartra. |
| 260 |
_aMéxico : _bOrigen-Planeta, _c1985. |
||
| 300 |
_a210 p. ; _c20 cm. |
||
| 490 | 1 |
_aBest sellers _v36 |
|
| 650 | 4 |
_aNovela estadounidense _9262 |
|
| 650 | 4 |
_aLiteratura estadounidense _9263 |
|
| 700 | 1 |
_aBartra, Agustí, _etr. _911600 |
|
| 830 | 0 |
_aBest sellers ; _v36 _924478 |
|
| 910 | _aWM | ||
| 049 | _aBNGR | ||
| 999 |
_c23239 _d23239 |
||